[Event "POL-chT2"]
[Site "Poronin POL"]
[Date "2016.09.09"]
[Round "7.11"]
[White "Praszak, Michal"]
[Black "Bardeli, Lukasz"]
[Result "1-0"]
[WhiteElo "2095"]
[BlackElo "2188"]
[EventDate "2016.09.02"]

1.d4 d5 2.c4 c6 3.cxd5 cxd5 4.Nc3 Nf6 5.Bf4 a6 6.e3 Nc6 7.Bd3 g6 8.h3 Bg7 
9.Nf3 O-O 10.Qb3 b5 11.Ne5 Bd7 12.O-O e6 13.Nxc6 Bxc6 14.a4 bxa4 15.Nxa4 
Ne4 16.Rfc1 Qd7 17.Nc5 Nxc5 18.Rxc5 h6 19.Rxa6 Rxa6 20.Bxa6 Ba8 21.Rc7 Qd8
22.Qc3 Kh7 23.Qc5 Qe8 24.Bb5 Qd8 25.Bd6 1-0

[Event "POL-chT2"]
[Site "Poronin POL"]
[Date "2016.09.09"]
[Round "7.12"]
[White "Golek, Jagoda"]
[Black "Toma, Katarzyna"]
[Result "1/2-1/2"]
[WhiteElo "2044"]
[BlackElo "2324"]
[EventDate "2016.09.02"]

1.d4 Nf6 2.c4 g6 3.Nc3 d5 4.cxd5 Nxd5 5.e4 Nxc3 6.bxc3 Bg7 7.Nf3 O-O 8.Be3
b6 9.Rc1 Bb7 10.Bd3 Nd7 11.O-O e6 12.Qe2 c5 13.Bg5 Qc7 14.e5 Rac8 15.Be4 
Bxe4 16.Qxe4 h6 17.Be3 Qd8 18.Rfd1 Qe7 19.Qb7 Rfe8 20.Qe4 Rc7 21.Qd3 Rec8 
22.Qd2 Kh7 23.Qb2 Bf8 24.h4 cxd4 25.cxd4 Qa3 26.Qb1 Qb4 27.Qe4 Rxc1 28.
Rxc1 Rxc1+ 29.Bxc1 Qc4 30.Qb1 h5 31.Be3 Be7 32.g3 Qd5 33.Ng5+ Bxg5 34.hxg5
b5 35.Qb4 Nb6 36.Qe7 Qd7 37.Qc5 Kg7 38.Bd2 Nd5 39.Ba5 a6 40.a3 Qe7 41.Qc1 
Kh7 42.Kh2 Qb7 43.Qc5 h4 44.Bd2 Ne7 45.Qc3 hxg3+ 46.Qxg3 Nf5 47.Qh3+ Kg7 
48.Bb4 Qe4 49.Qg2 Qf4+ 50.Kh1 Nxd4 51.Be7 Qf3 52.Qxf3 Nxf3 53.Kg2 Nd4 54.
f4 a5 55.Kf2 b4 56.a4 b3 57.Ba3 Nc2 58.Bb2 Kf8 59.Ke2 Ke8 60.Kd3 Nb4+ 61.
Kc3 Kd7 62.Kxb3 Kc6 63.Kc4 Nd5 64.Bc1 Nb6+ 65.Kb3 Kd5 66.Bd2 Nc4 67.Bc3 
Kc5 68.Be1 Kd4 69.Bc3+ Kd3 70.Be1 Kd4 71.Bc3+ Kc5 1/2-1/2

[Event "POL-chT2"]
[Site "Poronin POL"]
[Date "2016.09.09"]
[Round "7.13"]
[White "Krysztofiak, Marcin"]
[Black "Ponizil, Cyril"]
[Result "1-0"]
[WhiteElo "2378"]
[BlackElo "2521"]
[EventDate "2016.09.02"]

1.Nf3 Nf6 2.c4 g6 3.b3 Bg7 4.Bb2 O-O 5.g3 c6 6.Bg2 d5 7.O-O a5 8.d3 b5 9.
cxb5 cxb5 10.Nc3 Qb6 11.e4 Bb7 12.e5 Nfd7 13.d4 e6 14.Re1 Nc6 15.a4 b4 16.
Nb5 Ba6 17.Nd6 Na7 18.h4 f6 19.Bh3 f5 20.Ng5 Rfb8 21.Nxe6 Nc8 22.Nf4 Ne7 
23.Bg2 Bb7 24.Qf3 Bc6 25.Rac1 Ra7 26.Rxc6 Qxc6 27.Rc1 Qa8 28.Nxd5 Qxd5 29.
Qxd5+ Nxd5 30.Bxd5+ Kf8 31.Nb5 Rxb5 32.axb5 Nb6 33.Bg2 a4 34.bxa4 Rxa4 35.
Rc6 Nd7 36.e6 1-0

[Event "POL-chT2"]
[Site "Poronin POL"]
[Date "2016.09.09"]
[Round "7.14"]
[White "Piesik, Piotr"]
[Black "Grabarczyk, Miroslaw"]
[Result "1/2-1/2"]
[WhiteElo "2298"]
[BlackElo "2438"]
[EventDate "2016.09.02"]

1.e4 e5 2.Bc4 Nf6 3.d3 Nc6 4.Nf3 Bc5 5.c3 d6 6.Nbd2 O-O 7.Bb3 Be6 8.h3 
Bxb3 9.axb3 a6 10.O-O d5 11.b4 Ba7 12.Qe2 Re8 13.Nb3 h6 14.Re1 Qd7 15.Nh4 
Qe6 16.Na5 Nxa5 17.bxa5 Rad8 18.Nf5 Kh7 19.Qf3 dxe4 20.dxe4 Ng8 21.Be3 
Bxe3 22.Nxe3 Nf6 23.Rad1 Kg8 24.Nd5 Nxd5 25.exd5 Qe7 26.b4 Rd7 27.Qe3 Qd8 
28.Qf3 Qe7 29.Qe3 Qd8 30.Qf3 Qe7 1/2-1/2

[Event "POL-chT2"]
[Site "Poronin POL"]
[Date "2016.09.09"]
[Round "7.15"]
[White "Borgula, Rafal"]
[Black "Paszewski, Mateusz"]
[Result "1-0"]
[WhiteElo "2240"]
[BlackElo "2272"]
[EventDate "2016.09.02"]

1.d4 d5 2.Nf3 Nf6 3.c4 c6 4.e3 Bg4 5.Nbd2 e6 6.h3 Bh5 7.g4 Bg6 8.Ne5 Nfd7 
9.Nxg6 hxg6 10.Bg2 Be7 11.O-O dxc4 12.Nxc4 Nb6 13.Na5 Qc7 14.e4 N8d7 15.
Qb3 O-O 16.Be3 Rac8 17.Rac1 Qb8 18.Rfd1 Bd6 19.a4 Rc7 20.Bf3 Qe8 21.Nxb7 
Rxb7 22.a5 Qb8 23.axb6 Rxb6 24.Qa4 Rxb2 25.e5 Be7 26.Qxc6 Nb6 27.Qc7 Bb4 
28.d5 exd5 29.Bd4 Rb3 30.Kg2 Ra3 31.e6 Qe8 32.Bxb6 Rxf3 33.e7 Bxe7 34.Re1 
Bd8 35.Rxe8 Bxc7 36.Rxf8+ Kxf8 37.Bc5+ 1-0

[Event "POL-chT2"]
[Site "Poronin POL"]
[Date "2016.09.09"]
[Round "7.16"]
[White "Ciesla, Adam"]
[Black "Robak, Zbigniew"]
[Result "1/2-1/2"]
[WhiteElo "2291"]
[BlackElo "2204"]
[EventDate "2016.09.02"]

1.e4 c5 2.Nf3 e6 3.d4 cxd4 4.Nxd4 a6 5.Nc3 Qc7 6.Bd3 Nf6 7.O-O Nc6 8.Be3 
Nxd4 9.Bxd4 Bc5 10.Bxc5 Qxc5 11.a4 d6 12.a5 Bd7 13.Kh1 h5 14.Qe1 Bc6 15.f3
h4 16.Na4 Qd4 17.Qf2 Qxf2 18.Rxf2 Nd7 19.Rd2 Rd8 20.b4 h3 21.g3 Ne5 22.f4 
Nxd3 23.cxd3 d5 24.e5 d4+ 25.Kg1 g5 26.Nc5 gxf4 27.gxf4 Rh4 28.Rf2 Ke7 29.
Kf1 Rg8 30.Raa2 Rhg4 31.Rad2 Rg1+ 32.Ke2 Rb1 33.f5 exf5 34.Rxf5 Rg2+ 35.
Rf2 Rg5 36.Rc2 Rxe5+ 37.Kd2 Rxb4 38.Nxa6 Rb1 39.Nc5 Ra1 40.Nb3 Ra4 41.Rf4 
Rd5 42.Re4+ Kd6 43.Rh4 Bd7 44.Kc1 Be6 45.Rc4 Ra2 46.Rc2 Ra3 47.Nd2 Ra1+ 
48.Kb2 Rh1 49.Ne4+ Ke7 50.Nc5 Rg1 51.Rh6 Rgg5 52.Nxe6 Rb5+ 53.Kc1 Rg1+ 54.
Kd2 Rg2+ 55.Kc1 Rg1+ 56.Kd2 Rg2+ 1/2-1/2

[Event "POL-chT2"]
[Site "Poronin POL"]
[Date "2016.09.09"]
[Round "7.17"]
[White "Konieczynski, Piotr"]
[Black "Szusterowski, Radoslaw"]
[Result "1/2-1/2"]
[WhiteElo "1950"]
[BlackElo "2224"]
[EventDate "2016.09.02"]

1.d4 Nf6 2.c4 e6 3.Nf3 b6 4.g3 Ba6 5.Qc2 Bb7 6.Bg2 c5 7.O-O cxd4 8.Nxd4 
Bxg2 9.Kxg2 Be7 10.Nc3 O-O 11.Rd1 Qc8 12.Qd3 Qb7+ 13.e4 d6 14.f3 Nbd7 15.
Be3 Rac8 16.Qe2 Rfd8 17.Rac1 Ne5 18.b3 h6 19.Ndb5 Ng6 20.Rc2 a6 21.Nd4 Bf8
22.Qf2 d5 23.exd5 exd5 24.Nxd5 Nxd5 25.cxd5 Rxd5 26.Rxc8 Qxc8 27.Rc1 Qd7 
28.Ne2 Ba3 29.Rc2 b5 30.Nc3 Rd3 31.Rd2 Bb4 32.Rxd3 Qxd3 33.Ne4 Ne5 34.Nc5 
Qd1 35.Qf1 Qxf1+ 36.Kxf1 Bxc5 37.Bxc5 Nxf3 38.h3 Ng5 39.Kg2 Ne4 40.Bd4 f5 
41.Kf3 Kf7 42.Kf4 g6 43.g4 Ke6 44.gxf5+ gxf5 45.Bg7 h5 46.h4 a5 47.Bd4 a4 
48.bxa4 bxa4 49.Bb2 Nd2 50.Bc3 Ne4 51.Bb2 Nd6 52.Bc3 Nb5 53.Bh8 a3 54.Kg5 
Kd5 55.Kxf5 Kc4 56.Bg7 Nc3 57.Bf8 Nxa2 58.Bxa3 Kd5 59.Kg6 Ke6 60.Kxh5 Kf7 
61.Bb2 Nb4 62.Kg5 Nc6 63.Bf6 Nb8 64.h5 Nd7 65.Bd4 Nf8 66.Kh6 Ne6 67.Be5 
Nf8 68.Bd6 Ne6 69.Be5 1/2-1/2

[Event "POL-chT2"]
[Site "Poronin POL"]
[Date "2016.09.09"]
[Round "7.18"]
[White "Lach, Aleksandra"]
[Black "Weglarz, Joanna"]
[Result "1-0"]
[WhiteElo "2154"]
[BlackElo "1986"]
[EventDate "2016.09.02"]

1.e4 c5 2.Nf3 d6 3.d4 cxd4 4.Nxd4 Nf6 5.Nc3 a6 6.h3 e6 7.g4 d5 8.exd5 Nxd5
9.Nde2 Bb4 10.Bd2 Nc6 11.Bg2 Nxc3 12.Nxc3 O-O 13.a3 Be7 14.O-O Qc7 15.Qc1 
Bd7 16.Bf4 Bd6 17.Bxd6 Qxd6 18.Qe3 Rac8 19.Rad1 Qc7 20.Ne4 Rfd8 21.Qg5 Be8
22.Ng3 h6 23.Qe3 Na5 24.Rxd8 Rxd8 25.Nh5 b5 26.b3 Rc8 27.Qd4 e5 28.Qd2 Nc6
29.Ng3 Nd4 30.g5 Qxc2 31.Qe3 Qxb3 32.Qxe5 Nf3+ 33.Bxf3 Qxf3 34.gxh6 Qc3 
35.Qg5 Rc6 36.Qd8 Rc8 37.Qg5 Rc6 38.Nf5 Rc5 39.hxg7 Rxf5 40.Qxf5 Kxg7 41.
Kh2 Qc7+ 42.f4 Qc4 43.Rg1+ Kf8 44.Qe5 Qc6 45.Re1 1-0

[Event "POL-chT2"]
[Site "Poronin POL"]
[Date "2016.09.09"]
[Round "7.19"]
[White "Kolago, Marcin"]
[Black "Szymanski, Piotr"]
[Result "1-0"]
[WhiteElo "2361"]
[BlackElo "2260"]
[EventDate "2016.09.02"]

1.c4 Nf6 2.g3 e6 3.Bg2 d5 4.d4 Be7 5.Nf3 O-O 6.O-O c6 7.Nc3 Nbd7 8.b3 b6 
9.Bb2 Bb7 10.Rc1 Rc8 11.Ne5 Nxe5 12.dxe5 Nd7 13.cxd5 cxd5 14.Qd4 a6 15.
Rfd1 Bc5 16.Qd2 b5 17.e3 Qe7 18.Ne2 Bb4 19.Qd4 Bc5 20.Qd3 Ba3 21.Qb1 h6 
22.Nf4 Bxb2 23.Qxb2 Rxc1 24.Rxc1 Rc8 25.Rxc8+ Bxc8 26.Nd3 Bb7 27.Qc3 Qd8 
28.Qb4 Qf8 29.Qd4 Qc8 30.b4 Qc6 31.Qh4 f6 32.exf6 Nxf6 33.Qd4 Nd7 34.h4 
Qd6 35.Bh3 Kf7 36.Nc5 Nxc5 37.bxc5 Qc6 38.f3 Qc7 39.Kh2 e5 40.Qg4 Qxc5 41.
Qe6+ Kf8 42.Qxe5 Qc2+ 43.Bg2 Qc6 44.g4 Bc8 45.g5 hxg5 46.hxg5 g6 47.f4 Bb7
48.Kg3 Kf7 49.Kh4 a5 50.Bh3 b4 51.f5 Qc4+ 52.Bg4 Qc6 53.fxg6+ Kxg6 54.Bh5+
Kh7 55.Qe7+ Kg8 56.Bf7+ 1-0

[Event "POL-chT2"]
[Site "Poronin POL"]
[Date "2016.09.09"]
[Round "7.20"]
[White "Krzywda, Andrzej"]
[Black "Wiewiora, Eneasz"]
[Result "1/2-1/2"]
[WhiteElo "2148"]
[BlackElo "2288"]
[EventDate "2016.09.02"]

1.e4 d6 2.d4 Nf6 3.Nc3 e5 4.Nf3 Nbd7 5.Bc4 Be7 6.O-O O-O 7.a4 a5 8.h3 c6 
9.Re1 h6 10.Be3 Qc7 11.Ba2 Re8 12.Nh4 Nf8 13.dxe5 dxe5 14.Qf3 Be6 15.Bxe6 
Nxe6 16.Nf5 Kh7 17.Ne2 Ng8 18.Nxe7 Rxe7 19.Ng3 Rd8 20.Nf5 Red7 21.Qg4 g6 
22.Ng3 Nd4 23.Rac1 c5 24.c3 Nb3 25.Rcd1 Qc6 26.h4 Nf6 27.Rxd7 Nxg4 28.Rxd8
Qxa4 29.h5 gxh5 30.Rd6 c4 31.Nf5 f6 32.Re6 Kg8 33.Re7 Kf8 34.Rxb7 Qc6 35.
Rb8+ Kf7 36.Rd1 Nxe3 1/2-1/2

[Event "POL-chT2"]
[Site "Poronin POL"]
[Date "2016.09.09"]
[Round "7.21"]
[White "Mulet, Piotr"]
[Black "Zgadzaj, Rafal"]
[Result "1/2-1/2"]
[WhiteElo "2279"]
[BlackElo "2142"]
[EventDate "2016.09.02"]

1.Nf3 g6 2.c4 Bg7 3.Nc3 d6 4.g3 e5 5.d4 Nd7 6.Bg2 f5 7.e4 fxe4 8.Ng5 Nb6 
9.dxe5 h6 10.Ngxe4 Bxe5 11.O-O Bf5 12.Re1 Ne7 13.c5 dxc5 14.Qxd8+ Rxd8 15.
Nxc5 Bxc3 16.bxc3 Kf7 17.Nxb7 Rd3 18.Nc5 Rdd8 19.h4 Ned5 20.Bf1 Rhe8 21.
Bxh6 Nxc3 22.Nb7 Rb8 23.Na5 Rxe1 24.Rxe1 Nxa2 25.Nc6 Re8 26.Ra1 Nc3 27.
Rxa7 Ncd5 28.Bd2 Bd7 29.Nb4 Be6 30.Nd3 Ra8 31.Rxa8 Nxa8 32.Ne5+ Kg7 33.g4 
Nab6 34.Bd3 Nd7 35.Nxd7 Bxd7 36.f3 c5 37.Kf2 Be6 38.Ba5 Kf7 39.Bd8 Nb4 40.
Be4 Nd5 41.Ba5 Nf6 42.Bc2 Nd5 43.Ke2 Nf4+ 44.Kd2 Nd5 45.Bd8 Nb4 46.Be4 Nd5
47.Bg5 Kg7 48.Be3 c4 49.Bd4+ Kh6 50.Be5 Nb4 51.Kc3 Nd3 52.Bf6 Nf2 53.Bc2 
Bd5 54.Bd4 Nd3 55.f4 Nxf4 56.Be3 g5 57.hxg5+ Kxg5 58.Bf5 Bf3 1/2-1/2

[Event "POL-chT2"]
[Site "Poronin POL"]
[Date "2016.09.09"]
[Round "7.22"]
[White "Sztwiertnia, Jan Krzysztof"]
[Black "Raszka, Janusz"]
[Result "0-1"]
[WhiteElo "2128"]
[BlackElo "2139"]
[EventDate "2016.09.02"]

1.e4 c5 2.Nc3 e6 3.f4 a6 4.Nf3 Qc7 5.g3 b5 6.Bg2 Bb7 7.d3 b4 8.Ne2 Nf6 9.
O-O c4 10.Ne5 d5 11.exd5 cxd3 12.Nxd3 Bxd5 13.Nd4 Nc6 14.Nxc6 Qxc6 15.Qe2 
Bxg2 16.Qxg2 Qxg2+ 17.Kxg2 Rc8 18.Rf2 Be7 19.Re2 g6 20.a3 bxa3 21.b3 Nd5 
22.c4 Nc3 23.Rc2 Nb5 24.Raa2 Nd4 25.Rc3 O-O 26.b4 Rfd8 27.Raxa3 a5 28.Rxa5
Ne2 29.Rc2 Rxd3 30.Rxe2 Bxb4 31.Ra7 Rxc4 32.Bb2 Rc8 33.g4 Rd2 34.Rxd2 Bxd2
35.Kf3 Bc3 36.Bxc3 Rxc3+ 37.Ke4 Rc2 38.f5 exf5+ 39.gxf5 Kg7 40.fxg6 hxg6 
41.h3 Rc3 42.Kf4 Rxh3 43.Kg4 Rb3 44.Kg5 Rb5+ 45.Kg4 Rf5 46.Ra8 f6 47.Rd8 
Ra5 48.Rd7+ Kh6 49.Rd8 Ra4+ 50.Kg3 f5 51.Rd3 g5 52.Rb3 Kh5 53.Kg2 f4 54.
Kg1 g4 55.Kg2 Kh4 56.Rb8 Ra2+ 57.Kg1 Ra1+ 58.Kg2 f3+ 59.Kf2 Ra2+ 60.Kg1 
Kg3 61.Rb1 Re2 0-1

[Event "POL-chT2"]
[Site "Poronin POL"]
[Date "2016.09.09"]
[Round "7.23"]
[White "Sapeta, Robert"]
[Black "Szajda, Marcin"]
[Result "0-1"]
[WhiteElo "2075"]
[BlackElo "2033"]
[EventDate "2016.09.02"]

1.d4 Nf6 2.c4 g6 3.Nc3 Bg7 4.g3 O-O 5.Bg2 d6 6.Nf3 c6 7.O-O Qa5 8.Rb1 Qh5 
9.Bg5 Bh3 10.Bxf6 Bxf6 11.Ne4 Bg7 12.Qb3 Bxg2 13.Kxg2 b6 14.Neg5 h6 15.Ne4
Qg4 16.Qd3 Nd7 17.h3 Qf5 18.g4 Qa5 19.b4 Qa6 20.Ng3 Qc8 21.e4 c5 22.a3 
cxd4 23.Nd2 Qc6 24.f4 Rac8 25.Rbc1 e5 26.f5 a5 27.b5 Qc7 28.h4 Qd8 29.g5 
hxg5 30.h5 gxh5 31.Nxh5 g4 32.f6 Bxf6 33.Qg3 Bh4 34.Qxg4+ Qg5 35.Kh3 Qxg4+
36.Kxg4 Be7 37.Kf5 f6 38.Ke6 Nc5+ 39.Kd5 Kf7 40.Nf3 Nd3 41.Ng5+ Kg6 42.Nf3
Kxh5 43.Ke6 Nxc1 44.Kf5 Kh6 45.Rxc1 Rh8 46.Ke6 Rc7 47.Nh4 Kg5 48.Rg1+ Kxh4
49.Rh1+ Kg4 50.Rxh8 d3 0-1

[Event "POL-chT2"]
[Site "Poronin POL"]
[Date "2016.09.09"]
[Round "7.24"]
[White "Chmiel, Dominika"]
[Black "Mareckova, Martina"]
[Result "1-0"]
[WhiteElo "2102"]
[BlackElo "2173"]
[EventDate "2016.09.02"]

1.e4 e5 2.Nf3 Nc6 3.Bb5 a6 4.Ba4 d6 5.Bxc6+ bxc6 6.d4 f6 7.Nc3 Ne7 8.Be3 
Ng6 9.Qe2 Be7 10.O-O-O Bd7 11.h4 h5 12.dxe5 fxe5 13.Qc4 Nxh4 14.Nxh4 Bxh4 
15.g3 Bf6 16.f4 Qe7 17.f5 Bg5 18.Qe2 Qf6 19.Rh2 Qh6 20.Bxg5 Qxg5+ 21.Kb1 
Ke7 22.Rdh1 Be8 23.g4 Bf7 24.gxh5 Rh7 25.b3 a5 26.Rg2 Qf6 27.Rg6 Bxg6 28.
fxg6 Rhh8 29.Rf1 Qe6 30.Rf7+ Kd8 31.Rxg7 Kc8 32.Qf3 Kb7 33.Rf7 Rag8 34.Nd1
a4 35.Ne3 axb3 36.axb3 Rxh5 37.Qxh5 Qxg6 38.Qxg6 Rxg6 39.Kc1 Kb8 40.Kd2 
Kb7 41.Nc4 Rg2+ 42.Kc3 Rg6 43.Re7 Rh6 44.b4 Rh3+ 45.Kb2 Rh6 46.Kb3 Rh3+ 
47.c3 Rh6 48.Na5+ Kc8 49.Nxc6 Rh4 50.Na7+ Kd8 51.Rg7 Rxe4 52.Nb5 1-0

[Event "POL-chT2"]
[Site "Poronin POL"]
[Date "2016.09.09"]
[Round "7.25"]
[White "Vovk, Yuri"]
[Black "Urban, Klaudiusz"]
[Result "1/2-1/2"]
[WhiteElo "2596"]
[BlackElo "2418"]
[EventDate "2016.09.02"]

1.e4 c5 2.Nf3 g6 3.d4 cxd4 4.Nxd4 Nc6 5.c4 Nf6 6.Nc3 d6 7.Be2 Nxd4 8.Qxd4 
Bg7 9.Bg5 O-O 10.Qd2 Be6 11.Rc1 a5 12.O-O a4 13.Qf4 Qb6 14.Nb5 Rfe8 15.
Rfd1 Nd7 16.Qh4 Nc5 17.Bxe7 Nxe4 18.Bxd6 Nxd6 19.Nxd6 Reb8 20.c5 Qxb2 21.
Bc4 Qe5 22.Re1 Qd4 23.Qxd4 Bxd4 24.Bxe6 fxe6 25.Rxe6 Ra6 26.Rc4 Bg7 27.g3 
Bf8 28.Rb4 b5 29.Re8 Rxe8 30.Nxe8 Re6 31.Nc7 Rc6 32.Nxb5 Rxc5 33.Kg2 Rc2 
34.Rxa4 Bc5 35.Rf4 Rxa2 36.Nc3 Rc2 37.Ne4 Kg7 38.Rf6 Rc4 39.Re6 Rc1 40.h4 
Ba3 41.Ra6 Be7 42.Ra7 Kf8 43.Kf3 Re1 44.Kf4 Re2 45.f3 h6 46.Ra6 Kg7 47.Ke5
Rb2 48.Ke6 Rb7 49.Nc3 Bc5 50.Kd5 Bb4 51.Ne4 Rf7 52.Rb6 Be1 53.Rb3 Ra7 54.
Rb1 Ba5 55.Nc5 Rf7 56.f4 Bd2 57.Ne4 Ba5 58.Ke6 Bd8 59.Rb4 Re7+ 60.Kd6 Ra7 
61.Rb5 Kf7 62.Ke5 Re7+ 63.Kd4 Rd7+ 64.Ke3 h5 65.Nc5 Ra7 66.Nd3 Ra3 67.Ke4 
Ke6 68.Re5+ Kf6 69.Rc5 Ra4+ 70.Kf3 Ra3 71.Rd5 Bc7 72.Kg2 Ra2+ 73.Nf2 Rb2 
74.Kf1 Rb1+ 75.Ke2 Rb2+ 76.Kf3 Rb3+ 77.Rd3 Rxd3+ 78.Nxd3 Kf5 79.Nc5 Ba5 
80.Nd3 Bc3 81.Nf2 Be1 82.Nd1 Kf6 83.Ne3 Ke6 84.Nc4 Kf6 85.Ne5 Kf5 86.Nd3 
Ba5 87.Nb2 Bb4 88.Nc4 Be1 89.Ne3+ Kf6 90.Ng2 Ba5 91.Ne3 Be1 92.Nc2 Ba5 93.
Ke4 Bc3 94.Kd3 Ba5 95.Kd4 Bd2 96.Ke4 Bc3 97.Na3 Be1 98.Kf3 Kf5 99.Nb5 Kf6 
100.Nc7 Kf5 101.Nb5 Kf6 102.Nd4 Bc3 103.Nb5 Be1 104.Nd4 Bc3 105.Ne2 Be1 
106.Ke4 Ke6 107.Ke3 Kf5 108.Kf3 Kf6 109.Nc1 Kf5 110.Nb3 Bc3 111.Nc5 Be1 
112.Na6 Kf6 113.Nc7 Kf5 114.Nd5 Ke6 115.Ne3 Kf6 116.f5 gxf5 117.Ng2 Ba5 
118.Nf4 Be1 119.Nxh5+ Kg6 120.Nf4+ Kf6 121.Nd5+ Ke5 122.Ne3 Bb4 123.Nc4+ 
Kf6 124.Nb2 Bd6 125.Nd3 Be7 126.Nf4 Bc5 127.Ke2 Kf7 128.Kf3 Ba7 129.Kg2 
Bd4 130.Kh3 Bf6 131.Nd5 Bd8 132.Ne3 Kg6 133.Nc2 Bf6 134.Nb4 Be7 135.Nd5 
Bd6 136.Ne3 Bc5 137.Nc4 Kf6 138.Kg2 Ba7 139.Kf3 Bb8 140.Ne3 Bd6 141.Nd5+ 
Ke5 142.Nc3 Kf6 143.Kg2 Kg6 144.Ne2 Kf6 145.Nc3 Kg6 146.Nd5 Kf7 147.Ne3 
Kg6 148.Kh3 Kf6 149.Nc2 Kg6 150.Ne1 Kh5 151.Ng2 Be5 152.Ne3 Bxg3 153.Kxg3 
f4+ 154.Kxf4 Kxh4 1/2-1/2

[Event "POL-chT2"]
[Site "Poronin POL"]
[Date "2016.09.09"]
[Round "7.26"]
[White "Przybylski, Wojciech"]
[Black "Stopa, Jacek"]
[Result "1/2-1/2"]
[WhiteElo "2337"]
[BlackElo "2455"]
[EventDate "2016.09.02"]

1.e4 d5 2.exd5 Qxd5 3.Nc3 Qd6 4.Nf3 Nf6 5.d4 c6 6.g3 Bf5 7.Qe2 e6 8.Bg2 
Be7 9.O-O O-O 10.h3 h6 11.a3 Qd8 12.Re1 a5 13.Kh2 a4 14.Rd1 Qa5 15.Ne5 Qa6
16.Re1 Qxe2 17.Rxe2 Rd8 18.Be3 Nbd7 19.Nxd7 Rxd7 20.Rd1 Bg6 21.Kg1 Kf8 22.
Red2 Bd8 23.f3 Ba5 24.Kf2 Rdd8 25.Re2 Bxc3 26.bxc3 Nd5 27.Ra1 Nxc3 28.Rd2 
Ra5 29.Bf1 Rad5 30.Bc4 R5d7 31.Ke1 b5 32.Bf1 f6 33.Rc1 Bh5 34.Bg2 Nd5 35.
Bf2 Nb6 36.f4 Nc4 37.Bxc6 Nxd2 38.Kxd2 Rc7 39.Bxb5 Be8 40.Bd3 Rb8 41.Be1 
f5 1/2-1/2

[Event "POL-chT2"]
[Site "Poronin POL"]
[Date "2016.09.09"]
[Round "7.27"]
[White "Kolosowski, Mateusz"]
[Black "Kaczmarek, Aleksander"]
[Result "1-0"]
[WhiteElo "2426"]
[BlackElo "2332"]
[EventDate "2016.09.02"]

1.d4 c5 2.d5 e6 3.Nc3 d6 4.e4 a6 5.a4 Ne7 6.Bc4 exd5 7.Nxd5 Nxd5 8.Bxd5 
Be7 9.Nf3 Nc6 10.O-O O-O 11.Bf4 Bg4 12.h3 Bh5 13.c3 Qc7 14.g4 Bg6 15.Nd2 
Rad8 16.Bg3 h6 17.Nc4 Kh8 18.h4 h5 19.gxh5 Bh7 20.h6 gxh6 21.Ne3 f5 22.
exf5 Bxf5 23.Nxf5 Rxf5 24.Qd2 Bf8 25.Rae1 Qg7 26.Bxc6 bxc6 27.Qd3 Qf6 28.
Qxa6 d5 29.Qb6 d4 30.Re6 Qxe6 31.Qxd8 Qe4 32.a5 Qd3 33.Qd7 Bg7 34.a6 Rf3 
35.Qxc6 Rf7 36.Re1 dxc3 37.bxc3 Ra7 38.Re6 Qf5 39.Qc8+ 1-0

[Event "POL-chT2"]
[Site "Poronin POL"]
[Date "2016.09.09"]
[Round "7.28"]
[White "Reza, Wojciech"]
[Black "Cukrowski, Filip"]
[Result "1/2-1/2"]
[WhiteElo "2310"]
[BlackElo "2367"]
[EventDate "2016.09.02"]

1.e4 c5 2.Nf3 d6 3.d4 cxd4 4.Qxd4 Nc6 5.Bb5 Nf6 6.Nc3 Bd7 7.Bxc6 Bxc6 8.
Bg5 e6 9.O-O-O Be7 10.Rhe1 O-O 11.Kb1 Rc8 12.Qxa7 Nxe4 13.Nxe4 Bxe4 14.
Rxe4 Bxg5 15.Rb4 Qc7 16.c3 Bf6 17.Rxb7 Qc4 18.Qe3 Ra8 19.a3 Bxc3 20.Qd3 
Qc6 21.Rb3 Bf6 22.Qxd6 Qe4+ 23.Qd3 Qg4 24.g3 Qa4 25.Rb4 Qa7 26.Qe3 Qa5 27.
Nd4 Rad8 28.Rd2 Qd5 29.Nf3 Qf5+ 30.Ka2 Rc8 31.Qe4 Qc5 32.Nd4 Qh5 33.h4 Qa5
34.Nb3 Qa6 35.Qd3 Qc6 36.Qe4 Qa6 37.Qd3 Qc6 38.Qb5 Qg2 39.Qb7 Qf1 40.Qb5 
Qg2 41.Qb7 Qf1 42.Qf3 Qa6 43.Qe3 Qc6 44.Qe4 Qa6 1/2-1/2

[Event "POL-chT2"]
[Site "Poronin POL"]
[Date "2016.09.09"]
[Round "7.29"]
[White "Goluch, Piotr"]
[Black "Schmidt, Wlodzimierz"]
[Result "1/2-1/2"]
[WhiteElo "2330"]
[BlackElo "2289"]
[EventDate "2016.09.02"]

1.d4 Nf6 2.c4 g6 3.g3 Bg7 4.Bg2 d5 5.cxd5 Nxd5 6.Nf3 Nb6 7.Nc3 Nc6 8.e3 
O-O 9.O-O Re8 10.Re1 a5 11.Qe2 e5 12.Nxe5 Nxe5 13.dxe5 Bxe5 14.e4 Bd7 15.
Be3 Na4 16.Nxa4 Bxa4 17.Qc4 Bc6 18.Rad1 Qe7 19.Bc5 Qe6 20.Qxe6 Rxe6 21.Bh3
Ree8 22.Bd7 Bxd7 23.Rxd7 Rad8 24.Red1 Rxd7 25.Rxd7 Bxb2 26.Rxc7 Rxe4 27.
Rxb7 Bd4 28.Bxd4 Rxd4 29.Rb3 h5 30.h4 Kf8 31.Re3 1/2-1/2

[Event "POL-chT2"]
[Site "Poronin POL"]
[Date "2016.09.09"]
[Round "7.30"]
[White "Dmochowska, Agnieszka"]
[Black "Jakubowska, Anna"]
[Result "1/2-1/2"]
[WhiteElo "1995"]
[BlackElo "2205"]
[EventDate "2016.09.02"]

1.e4 e6 2.d4 d5 3.exd5 exd5 4.Nf3 Bd6 5.c4 dxc4 6.Bxc4 Nf6 7.O-O O-O 8.Bg5
h6 9.Bh4 Bf5 10.Qb3 Nbd7 11.Qc3 g5 12.Bg3 Ne4 13.Qb3 Nxg3 14.hxg3 Nb6 15.
Bd3 Bxd3 16.Qxd3 Qf6 17.Nc3 Rfe8 18.Rfe1 Rad8 19.a4 Rxe1+ 20.Rxe1 Bb4 21.
Qb5 a5 22.Re5 g4 23.Ne4 Qc6 24.Qxc6 bxc6 25.Nf6+ Kg7 26.Nxg4 Nxa4 27.b3 
Nc3 28.Nh4 Rd5 29.Nf5+ Kg6 30.Nh4+ Kg7 31.Nf5+ Kg6 32.Nh4+ Kg7 1/2-1/2

[Event "POL-chT2"]
[Site "Poronin POL"]
[Date "2016.09.10"]
[Round "8.1"]
[White "Jakubowski, Krzysztof"]
[Black "Urban, Klaudiusz"]
[Result "0-1"]
[WhiteElo "2529"]
[BlackElo "2418"]
[EventDate "2016.09.02"]

1.e4 e5 2.Nf3 Nf6 3.Nxe5 d6 4.Nf3 Nxe4 5.Nc3 Nf6 6.d4 Be7 7.Ne2 O-O 8.Ng3 
c5 9.Be2 Nc6 10.d5 Ne5 11.Nxe5 dxe5 12.c4 Ne8 13.f4 Bf6 14.Ne4 exf4 15.
Nxf6+ Qxf6 16.O-O g5 17.h4 h6 18.hxg5 hxg5 19.g3 Qg7 20.Bd2 fxg3 21.Rf3 
Qd4+ 22.Be3 Qh4 23.Bxc5 Qh2+ 24.Kf1 Qh1+ 25.Bg1 Bh3+ 26.Ke1 Qxg1+ 27.Kd2 
Qxd1+ 28.Rxd1 Nd6 29.Bd3 Bg4 30.Rxg3 Bxd1 31.Rxg5+ Kh8 32.Kxd1 Rac8 33.b3 
Rg8 34.Rh5+ Kg7 35.Kc2 Kf6 36.Rh3 Rg2+ 37.Kc3 Rxa2 38.Rf3+ Ke7 39.Kd4 b6 
0-1

[Event "POL-chT2"]
[Site "Poronin POL"]
[Date "2016.09.10"]
[Round "8.2"]
[White "Przybylski, Wojciech"]
[Black "Stryjecki, Marek"]
[Result "1/2-1/2"]
[WhiteElo "2337"]
[BlackElo "2427"]
[EventDate "2016.09.02"]

1.e4 g6 2.d4 Bg7 3.Nc3 a6 4.Nf3 b5 5.a4 b4 6.Nd5 Bb7 7.Bg5 Bxd5 8.exd5 Nf6
9.Bc4 O-O 10.O-O c6 11.dxc6 Nxc6 12.Qd3 Qc8 13.d5 Na5 14.Ba2 e6 15.Bd2 Qb7
16.c4 Rfc8 17.Rfd1 exd5 18.cxd5 b3 19.Bxa5 bxa2 20.Rxa2 Rc5 21.b4 Rxd5 22.
Qf1 Ne4 23.Rc2 Rxd1 24.Qxd1 Nc3 25.Qd3 Nxa4 26.Rc7 Qb5 27.Qxd7 Rf8 28.Qxb5
axb5 29.g3 Bf6 30.Rb7 Nc3 31.Bb6 Re8 32.Bc5 h6 33.Kg2 Re4 34.h4 g5 35.hxg5
hxg5 36.Rb6 Kg7 37.Nd2 Re6 38.Rb7 g4 39.Nb3 Re4 40.Kf1 Kg6 41.Rb6 Kf5 42.
Nd2 Re6 43.Rb7 Kg6 44.Nb3 Re4 45.Rb8 Kg7 46.Rb6 Re6 47.Rb7 Re4 48.Kg2 Kg6 
49.Rb6 Re6 50.Rb8 Re4 51.Nd2 Re2 52.Nf1 Ne4 53.Be3 Nxf2 54.Kg1 Ne4 55.Rg8+
Kf5 56.Rb8 Nc3 57.Bf2 Be5 58.Rg8 Nd1 59.Bc5 f6 60.Rd8 Nc3 61.Ne3+ Kg6 62.
Nxg4 Ne4 63.Nxe5+ fxe5 64.Rb8 Kf5 65.Rxb5 Kg4 66.Rb8 Rb2 67.Rg8+ Kf3 68.
Rf8+ Kxg3 69.Rg8+ Kf3 1/2-1/2

[Event "POL-chT2"]
[Site "Poronin POL"]
[Date "2016.09.10"]
[Round "8.3"]
[White "Jaworski, Miroslaw"]
[Black "Kaczmarek, Aleksander"]
[Result "0-1"]
[WhiteElo "2263"]
[BlackElo "2332"]
[EventDate "2016.09.02"]

1.d4 c5 2.d5 e6 3.c4 exd5 4.cxd5 d6 5.Nc3 a6 6.a4 g6 7.e4 Bg7 8.h3 Ne7 9.
Nf3 O-O 10.Bd3 h6 11.O-O g5 12.a5 Ng6 13.Bd2 Nd7 14.Na4 Rb8 15.Rb1 Nde5 
16.Nxe5 Nxe5 17.Be2 f5 18.b4 f4 19.f3 cxb4 20.Bxb4 h5 21.Nb6 Rf6 22.Rc1 
Rg6 23.Qc2 Bxh3 24.Qc7 g4 25.Qxb8 Qxb8 26.Rc8+ Qxc8 27.Nxc8 gxf3 28.Ne7+ 
Kh7 29.Nxg6 fxe2 30.Rb1 Kxg6 31.gxh3 Nd3 32.Be1 Nxe1 33.Rxe1 f3 34.Kf2 Bc3
0-1

[Event "POL-chT2"]
[Site "Poronin POL"]
[Date "2016.09.10"]
[Round "8.4"]
[White "Reza, Wojciech"]
[Black "Polok, Kacper"]
[Result "1-0"]
[WhiteElo "2310"]
[BlackElo "2299"]
[EventDate "2016.09.02"]

1.d4 Nf6 2.c4 c5 3.d5 b5 4.cxb5 a6 5.bxa6 Bxa6 6.Nc3 g6 7.g3 d6 8.Bg2 Bg7 
9.Nf3 O-O 10.O-O Nbd7 11.Qc2 Qa5 12.Rd1 Rfb8 13.Rb1 Ne8 14.Bd2 Nc7 15.a4 
c4 16.Nb5 Qb6 17.Nxc7 Qxc7 18.b4 c3 19.e4 Bd3 20.Qxd3 c2 21.a5 Rc8 22.Bh3 
Ra7 23.Rdc1 cxb1=Q 24.Qxb1 Qd8 25.Rxc8 Qxc8 26.b5 f5 27.b6 Rb7 28.exf5 Nc5
29.Qb5 Rb8 30.Ng5 gxf5 31.Qb1 e6 32.Nxe6 Nxe6 33.dxe6 Qxe6 34.Be3 Qd5 35.
a6 f4 36.gxf4 Bd4 37.Bg2 Qa5 38.Bxd4 Qxa6 39.Bd5+ 1-0

[Event "POL-chT2"]
[Site "Poronin POL"]
[Date "2016.09.10"]
[Round "8.5"]
[White "Obrusnik, Michal"]
[Black "Schmidt, Wlodzimierz"]
[Result "1/2-1/2"]
[WhiteElo "2276"]
[BlackElo "2289"]
[EventDate "2016.09.02"]

1.e4 e6 2.d4 d5 3.Nd2 c5 4.exd5 exd5 5.Ngf3 Nf6 6.Bb5+ Bd7 7.Bxd7+ Nbxd7 
8.O-O Be7 9.dxc5 Nxc5 10.Nb3 Nce4 11.Nfd4 Nd6 12.Re1 O-O 13.Bg5 Re8 14.Qf3
Nfe4 15.Bxe7 Rxe7 16.Nf5 Nxf5 17.Qxf5 Qb6 18.Qf3 Rae8 19.Qe3 Qxe3 20.Rxe3 
Nf6 21.Rxe7 Rxe7 22.Kf1 Kf8 23.Nd4 g6 24.Rd1 a6 25.c3 Ke8 26.Nc2 Rd7 27.
Ne3 h5 28.f3 Ke7 29.g4 hxg4 30.fxg4 Ke6 31.Kg2 Ne4 32.Kf3 f5 33.gxf5+ gxf5
34.Ng2 Ke5 35.Nf4 Ng5+ 36.Kg3 Ne4+ 37.Kf3 Ng5+ 38.Kg3 Ne4+ 39.Kf3 1/2-1/2